00431nam a2200145Ia 4500008004100000100003300041245007900074260000900153300001300162504001100175650001600186650001300202650003500215773003500250181130s2018 xx 000 0 und d aPurakayastha, Anindya Sekhar aCommunalisation of politics in West BengalbReligion and the public sphere c2018 ap.12-15. d21-Apr aCommunalism aPolitics aPolitics - India - West Bengal aEconomic and Political Weekly